[Event "Pojedinacno prvenstvo Centralne Srbije 2"]
[Site "Vrnjacka Banja"]
[Date "2014.03.23"]
[Round "9.7"]
[White "Milanovic, Danilo"]
[Black "Cvetkovic, Srdjan"]
[Result "1/2-1/2"]
[WhiteElo "2506"]
[BlackElo "2332"]
[PlyCount "63"]
[EventDate "2014.03.17"]

1. d4 Nf6 2. c4 e6 3. Nc3 d5 4. cxd5 exd5 5. Bg5 Be7 6. e3 c6 7. Bd3 O-O 8. Qc2
Nbd7 9. Nge2 Re8 10. O-O-O h6 11. Bh4 a5 12. Kb1 b5 13. Rdg1 b4 14. Na4 Ba6 15.
Bxa6 Rxa6 16. g4 Ne4 17. Bxe7 Qxe7 18. Nf4 Nb6 19. Nc5 Nxc5 20. dxc5 Nc4 21.
Nd3 Rb8 22. g5 hxg5 23. h4 b3 24. Qc3 bxa2+ 25. Ka1 a4 26. Rxg5 f6 27. Rg4 Rb3
28. Qc2 Ra7 29. Rhg1 Rab7 30. Rxg7+ Qxg7 31. Rxg7+ Kxg7 32. Kxa2 1/2-1/2

[Event "Pojedinacno prvenstvo Centralne Srbije 2"]
[Site "Vrnjacka Banja"]
[Date "2014.03.23"]
[Round "9.8"]
[White "Cabrilo, Goran"]
[Black "Jovic, Stanoje"]
[Result "1-0"]
[WhiteElo "2406"]
[BlackElo "2304"]
[PlyCount "85"]
[EventDate "2014.03.17"]

1. Nf3 Nf6 2. c4 d6 3. Nc3 Bg4 4. d4 Nbd7 5. e4 c5 6. d5 Ne5 7. Be2 Nxf3+ 8.
gxf3 Bd7 9. f4 Qc7 10. Bf3 g6 11. Qe2 Bg7 12. Bd2 O-O 13. O-O Rab8 14. Rfe1 a6
15. a4 b6 16. Kh1 Qc8 17. Rg1 Ne8 18. f5 Nc7 19. h4 Kh8 20. h5 gxf5 21. exf5
Bf6 22. Ne4 Bxf5 23. Nxf6 Bd3 24. Bg4 Bxe2 25. Bxc8 Rbxc8 26. Bh6 Ne8 27. Bxf8
exf6 28. b3 Bxh5 29. Rae1 Bg6 30. Re7 b5 31. Bh6 bxc4 32. bxc4 Ng7 33. Rge1 Bd3
34. Rxf7 Nf5 35. Rxf6 Nxh6 36. Rxh6 Bxc4 37. Rxd6 Bb3 38. a5 c4 39. Rc6 Rd8 40.
d6 c3 41. Kh2 c2 42. Rxa6 Kg7 43. f3 1-0

[Event "Pojedinacno prvenstvo Centralne Srbije 2"]
[Site "Vrnjacka Banja"]
[Date "2014.03.23"]
[Round "9.9"]
[White "Milenkovic, Mladen"]
[Black "Rajkovic, Dusan"]
[Result "0-1"]
[WhiteElo "2373"]
[BlackElo "2369"]
[PlyCount "64"]
[EventDate "2014.03.17"]

1. e4 c5 2. Nf3 Nc6 3. d4 cxd4 4. Nxd4 g6 5. Nc3 Bg7 6. Be3 Nf6 7. Bc4 Qa5 8.
f3 Qb4 9. Ndb5 Qxc4 10. Nc7+ Kd8 11. Nxa8 b6 12. Nxb6 axb6 13. Bxb6+ Ke8 14.
Be3 Ba6 15. Kf2 d6 16. Qd2 Kd7 17. Rab1 Rc8 18. Rhd1 Ke8 19. Rdc1 Ne5 20. Kg1
Qc7 21. Nd1 Nc4 22. Qf2 d5 23. exd5 Nxd5 24. c3 Be5 25. h3 Bg3 26. Qe2 Ndxe3
27. Nxe3 Qb6 28. Kh1 Nxe3 29. c4 Bxc4 30. Qd2 Rd8 31. Qc3 f6 32. b3 Bd3 0-1

[Event "Pojedinacno prvenstvo Centralne Srbije 2"]
[Site "Vrnjacka Banja"]
[Date "2014.03.23"]
[Round "9.12"]
[White "Zivkovic, Nemanja"]
[Black "Nestorovic, Lazar"]
[Result "1/2-1/2"]
[WhiteElo "2290"]
[BlackElo "2381"]
[PlyCount "22"]
[EventDate "2014.03.17"]

1. b4 b6 2. Bb2 Bb7 3. Nf3 Nf6 4. e3 e6 5. a3 Be7 6. c4 O-O 7. Nc3 d5 8. d4
Nbd7 9. cxd5 exd5 10. Be2 Rc8 11. O-O c6 1/2-1/2

[Event "Pojedinacno prvenstvo Centralne Srbije 2"]
[Site "Vrnjacka Banja"]
[Date "2014.03.23"]
[Round "9.15"]
[White "Ilic, Zoran S"]
[Black "Jovanovic, Bojan P"]
[Result "1/2-1/2"]
[WhiteElo "2297"]
[BlackElo "2254"]
[PlyCount "32"]
[EventDate "2014.03.17"]

1. Nf3 e6 2. c4 Nf6 3. d4 c5 4. d5 exd5 5. cxd5 d6 6. Nc3 g6 7. g3 Bg7 8. Bg2
O-O 9. O-O Re8 10. Nd2 a6 11. a4 Nbd7 12. a5 Rb8 13. Nc4 Ne5 14. Nb6 Ned7 15.
Nc4 Ne5 16. Nb6 Ned7 1/2-1/2

[Event "Pojedinacno prvenstvo Centralne Srbije 2"]
[Site "Vrnjacka Banja"]
[Date "2014.03.23"]
[Round "9.16"]
[White "Vujacic, Borivoje"]
[Black "Sorgic, Dragan"]
[Result "0-1"]
[WhiteElo "2287"]
[BlackElo "2244"]
[PlyCount "112"]
[EventDate "2014.03.17"]

1. e4 e5 2. Nf3 Nc6 3. Bb5 a6 4. Ba4 Nf6 5. O-O Be7 6. Re1 b5 7. Bb3 d6 8. c3
O-O 9. h3 Na5 10. Bc2 c5 11. d4 Nd7 12. Nbd2 cxd4 13. cxd4 Nc6 14. Nb3 a5 15.
Be3 a4 16. Nbd2 exd4 17. Nxd4 Nxd4 18. Bxd4 Ne5 19. a3 Bf6 20. Nf1 Ng6 21. Ne3
Be5 22. Bxe5 Nxe5 23. f4 Ng6 24. Nd5 Bb7 25. Qd4 Bxd5 26. exd5 Rc8 27. Bd3 Qh4
28. Rf1 Rc5 29. Rae1 Ne7 30. Be4 Rfc8 31. Kh2 h6 32. Re2 Kf8 33. g3 Qf6 34.
Qxf6 gxf6 35. Rd1 Re8 36. Red2 Nc8 37. Bg2 Nb6 38. Bf1 Re3 39. Kg2 Rb3 40. Kf2
Nc4 41. Bxc4 bxc4 42. Rc1 c3 43. bxc3 Rcxc3 44. Rxc3 Rxc3 45. Rd4 Rxa3 46. Rb4
f5 47. Rb8+ Ke7 48. Rb7+ Ke8 49. Rb8+ Kd7 50. Rb7+ Kc8 51. Rxf7 Rb3 52. Ra7 a3
53. g4 Rxh3 54. g5 hxg5 55. fxg5 Kb8 56. g6 Kxa7 0-1

[Event "Pojedinacno prvenstvo Centralne Srbije 2"]
[Site "Vrnjacka Banja"]
[Date "2014.03.23"]
[Round "9.17"]
[White "Zivkovic, Marko"]
[Black "Stanojevic, Branko"]
[Result "1/2-1/2"]
[WhiteElo "2192"]
[BlackElo "2271"]
[PlyCount "80"]
[EventDate "2014.03.17"]

1. d4 Nf6 2. Nf3 g6 3. Nc3 d5 4. Bf4 Bf5 5. h3 Nc6 6. e3 Bg7 7. Ne5 Nd7 8. Nxd7
Qxd7 9. g4 Be6 10. Bg2 h5 11. f3 Na5 12. Qe2 a6 13. Nd1 c5 14. c3 cxd4 15. exd4
Nc4 16. Nf2 Rc8 17. Nd3 b6 18. a4 Qc6 19. O-O a5 20. Rfe1 hxg4 21. fxg4 O-O 22.
Ne5 Nxe5 23. Bxe5 Bxe5 24. Qxe5 Rfd8 25. Bf1 Qc7 26. Ba6 Qxe5 27. Rxe5 Rc7 28.
Rae1 Kg7 29. Bd3 Rh8 30. Kg2 Rc6 31. Kg3 Rd6 32. h4 Rh6 33. Bc2 Kf8 34. Bb3 Kg7
35. Ba2 Rh8 36. Bb1 Rc6 37. Bd3 Rd6 38. Bf1 Rc8 39. Ba6 Rh8 40. Bd3 Rh6 1/2-1/2

[Event "Pojedinacno prvenstvo Centralne Srbije 2"]
[Site "Vrnjacka Banja"]
[Date "2014.03.23"]
[Round "9.19"]
[White "Stojanovic, Zlatko"]
[Black "Ristic, Dejan D"]
[Result "1-0"]
[WhiteElo "2253"]
[BlackElo "1770"]
[PlyCount "109"]
[EventDate "2014.03.17"]

1. e4 c5 2. Nf3 Nc6 3. d4 cxd4 4. Nxd4 g6 5. Nc3 Bg7 6. Be3 Nf6 7. Bc4 O-O 8.
Bb3 d6 9. f3 Bd7 10. Qd2 Rc8 11. h4 Ne5 12. g4 Nc4 13. Bxc4 Rxc4 14. h5 Qa5 15.
Nb3 Qc7 16. hxg6 fxg6 17. O-O-O Rc8 18. Rh2 b5 19. g5 Nh5 20. Bd4 Be6 21. Bxg7
Kxg7 22. Nxb5 Qb6 23. Na3 Ra4 24. Kb1 Rf8 25. Qc3+ Kg8 26. Nd4 Bf7 27. Ka1 Rb8
28. e5 dxe5 29. Nc6 Re8 30. Nxe5 Be6 31. Nac4 Qc7 32. Rh4 Rc8 33. b3 Ra6 34.
Ng4 Bxg4 35. Rxg4 Rd6 36. Rxd6 exd6 37. Qd2 Ng7 38. Rd4 Nf5 39. Rd5 Rd8 40. Kb1
Qe7 41. f4 Qe6 42. a4 a6 43. Qa5 Rf8 44. Rd1 Qe2 45. Qd5+ Kg7 46. Nxd6 Nxd6 47.
Qxd6 Rxf4 48. Qc7+ Kg8 49. Rd8+ Rf8 50. Rd7 Qf1+ 51. Kb2 Rf7 52. Rxf7 Qxf7 53.
Qxf7+ Kxf7 54. b4 Ke6 55. b5 1-0

[Event "Pojedinacno prvenstvo Centralne Srbije 2"]
[Site "Vrnjacka Banja"]
[Date "2014.03.23"]
[Round "9.20"]
[White "Jokic, Miodrag"]
[Black "Colovic, Zoran"]
[Result "1-0"]
[WhiteElo "2103"]
[BlackElo "2102"]
[PlyCount "71"]
[EventDate "2014.03.17"]

1. d4 c5 2. d5 Nf6 3. c4 g6 4. Nc3 d6 5. e4 b5 6. cxb5 a6 7. Nf3 Nbd7 8. a4 Bg7
9. Ra3 O-O 10. Be2 axb5 11. Bxb5 Ba6 12. Bxa6 Rxa6 13. Qe2 Qa8 14. O-O Rc8 15.
e5 dxe5 16. Nxe5 Nxe5 17. Qxe5 Rd6 18. Qxe7 Rcd8 19. Nb5 Nxd5 20. Qh4 Ra6 21.
Rh3 h5 22. b3 Re8 23. Qc4 Qc6 24. Rd3 Re5 25. Rfd1 Nb6 26. Rd8+ Re8 27. Rxe8+
Qxe8 28. Qxc5 Nd7 29. Qd5 Re6 30. Be3 Rxe3 31. fxe3 Qxe3+ 32. Kh1 Ne5 33. h3 g5
34. Nd6 Qf4 35. Qe4 Qf2 36. Nf5 1-0

[Event "Pojedinacno prvenstvo Centralne Srbije 2"]
[Site "Vrnjacka Banja"]
[Date "2014.03.23"]
[Round "9.21"]
[White "Zajic, Milun"]
[Black "Todorovic, Kosta"]
[Result "1-0"]
[WhiteElo "1954"]
[BlackElo "1929"]
[PlyCount "115"]
[EventDate "2014.03.17"]

1. c4 Nf6 2. g3 g6 3. Bg2 Bg7 4. Nc3 d6 5. d3 c6 6. e4 O-O 7. Nge2 e5 8. O-O a5
9. h3 Qe7 10. Be3 Na6 11. Qd2 Nc5 12. Rae1 Be6 13. f4 exf4 14. gxf4 Qd7 15. Kh2
Na6 16. Na4 Rae8 17. Qxa5 d5 18. cxd5 cxd5 19. e5 Nh5 20. Nc5 Nxc5 21. Bxc5 Ra8
22. Qd2 Rfc8 23. Rc1 Qa4 24. a3 Ra6 25. Bd4 Rac6 26. Bc3 Bh6 27. Qd1 Qa6 28.
Rc2 Ng7 29. Nd4 R6c7 30. Rd2 Nh5 31. Rdf2 Rxc3 32. bxc3 Rxc3 33. Nxe6 fxe6 34.
Qg4 Ng7 35. Qh4 Nf5 36. Qd8+ Bf8 37. Rb2 Rxd3 38. Rc1 Qxa3 39. Qb6 Ng7 40. Rc8
Qa4 41. Qb4 Qxb4 42. Rxb4 b5 43. Bf1 Rd2+ 44. Kg3 Kf7 45. Rxb5 Nf5+ 46. Kf3 Be7
47. Rb7 Rh2 48. Rh8 Kg7 49. Re8 Kf7 50. Ra8 Rd2 51. Ra4 Kg7 52. Raa7 Kf7 53.
Rc7 Rb2 54. Bd3 Nh4+ 55. Ke3 Ng2+ 56. Kd4 Rb4+ 57. Kc3 d4+ 58. Kd2 1-0

[Event "Pojedinacno prvenstvo Centralne Srbije 2"]
[Site "Vrnjacka Banja"]
[Date "2014.03.23"]
[Round "9.22"]
[White "Miladinovic, Lena"]
[Black "Dabizljevic, Radun"]
[Result "1-0"]
[WhiteElo "2095"]
[BlackElo "1834"]
[PlyCount "71"]
[EventDate "2014.03.17"]

1. d4 f5 2. Nf3 e6 3. g3 Nf6 4. Bg2 Bd6 5. O-O O-O 6. c4 c6 7. Nc3 Qe8 8. e3
Bc7 9. d5 e5 10. b3 a6 11. Ba3 d6 12. dxc6 Qd8 13. Nxe5 Ra7 14. cxb7 Bxb7 15.
Bxb7 Rxb7 16. Nf3 Re8 17. Nd5 Ne4 18. Nd2 Nc5 19. Nf3 Nbd7 20. Nxc7 Qxc7 21.
Qd5+ Kh8 22. Rad1 Rb6 23. Ng5 Ne5 24. f4 Qe7 25. Bxc5 Rc6 26. Bd4 Rc7 27. Bxe5
dxe5 28. Qd6 h6 29. Qxe7 Rcxe7 30. Nf3 exf4 31. exf4 Kg8 32. Ne5 g5 33. Rd6 Kh7
34. Rfd1 Ra7 35. Rd7+ Rxd7 36. Rxd7+ 1-0

[Event "Pojedinacno prvenstvo Centralne Srbije 2"]
[Site "Vrnjacka Banja"]
[Date "2014.03.23"]
[Round "9.23"]
[White "Tosic, Dragoljub"]
[Black "Gagic, Miroljub"]
[Result "1/2-1/2"]
[WhiteElo "1966"]
[BlackElo "1865"]
[PlyCount "21"]
[EventDate "2014.03.17"]

1. d4 d6 2. e4 Nd7 3. f4 e5 4. Nf3 exf4 5. Bxf4 g6 6. Bc4 Nb6 7. Bb3 Bg7 8. c3
Ne7 9. O-O O-O 10. Nbd2 Bd7 11. Qe1 1/2-1/2

[Event "Pojedinacno prvenstvo Centralne Srbije 2"]
[Site "Vrnjacka Banja"]
[Date "2014.03.23"]
[Round "9.10"]
[White "Ratkovic, Miloje"]
[Black "Savicevic, Vlatko"]
[Result "0-1"]
[WhiteElo "2358"]
[BlackElo "2330"]
[PlyCount "66"]
[EventDate "2014.03.17"]

1. d4 d5 2. c4 e6 3. Nf3 Nf6 4. Nc3 Be7 5. Bg5 h6 6. Bxf6 Bxf6 7. e3 O-O 8. Rc1
c6 9. h4 g6 10. g4 Bg7 11. Bd3 Nd7 12. cxd5 exd5 13. h5 g5 14. Rg1 Re8 15. Kd2
Nf6 16. Ne5 c5 17. Kc2 cxd4 18. exd4 Ne4 19. Kb1 Nxc3+ 20. Rxc3 Bxe5 21. dxe5
Rxe5 22. Bc2 d4 23. Rd3 Be6 24. f4 gxf4 25. Rxd4 Qa5 26. a3 Re8 27. Rxf4 Bd5
28. Ra4 Qc5 29. Rd4 Bf3 30. Qd2 Re2 31. Qd3 Rxc2 32. b4 Qc3 33. Qxc2 Qxd4 0-1

[Event "Pojedinacno prvenstvo centralne Srbije"]
[Site "www.sah-centralnasrbija.com"]
[Date "2014.03.23"]
[Round "9"]
[White "RISTIC,  Nenad"]
[Black "ANTIC , Dejan"]
[Result "0-1"]
[WhiteElo "2431"]
[BlackElo "2462"]
[PlyCount "90"]
[EventDate "2014.??.??"]

1. e4 e6 2. d4 d5 3. Nc3 Nf6 4. Bg5 Bb4 5. e5 h6 6. Bh4 g5 7. Bg3 Bxc3+ 8. bxc3
Ne4 9. f3 Nxg3 10. hxg3 c5 11. f4 Nc6 12. Qd2 g4 13. dxc5 Qa5 14. Be2 Qxc5 15.
Bxg4 Rg8 16. Bf3 Rxg3 17. Ne2 Rg6 18. Rb1 b6 19. Nd4 Bd7 20. Nb5 Nxe5 21. Be2
Ng4 22. f5 exf5 23. Qxd5 Qf2+ 24. Kd2 Qf4+ 25. Ke1 Bc6 26. Qd3 Bxg2 27. Rg1
Qf2+ 28. Kd2 Qf4+ 29. Ke1 Rd8 30. Nd4 Ne3 31. Rb4 Qh4+ 32. Kd2 f4 33. Rb5 Kf8
34. Kc1 Be4 35. Qxe4 Rxg1+ 36. Kb2 Qf6 37. Re5 Rg5 38. Nc6 Rxe5 39. Nxe5 Qf5
40. Qb4+ Kg7 41. Qe7 Qxc2+ 42. Ka3 Qxc3+ 43. Ka4 Rd4+ 44. Kb5 Rd5+ 45. Ka6 Qxe5
0-1

[Event "Pojedinacno prvenstvo centralne Srbije"]
[Site "www.sah-centralnasrbija.com"]
[Date "2014.03.23"]
[Round "9"]
[White "BOJKOVIC , Natasa"]
[Black "ABRAMOVIC,  Bosko"]
[Result "1/2-1/2"]
[WhiteElo "2411"]
[BlackElo "2437"]
[PlyCount "22"]
[EventDate "2014.??.??"]

1. e4 c5 2. c3 e6 3. Nf3 Nc6 4. d4 d5 5. exd5 exd5 6. Bb5 Bd6 7. dxc5 Bxc5 8.
O-O Nge7 9. Nbd2 O-O 10. Nb3 Bd6 11. Bd3 h6 1/2-1/2

[Event "Pojedinacno prvenstvo centralne Srbije"]
[Site "www.sah-centralnasrbija.com"]
[Date "2014.03.23"]
[Round "9"]
[White "MAKSIMOVIC,  Branimir"]
[Black "VELICKOVIC , Sasa"]
[Result "1/2-1/2"]
[WhiteElo "2364"]
[BlackElo "2377"]
[PlyCount "101"]
[EventDate "2014.??.??"]

1. d4 Nf6 2. c4 c5 3. d5 g6 4. Nc3 d6 5. e4 Bg7 6. Bd3 O-O 7. h3 e6 8. Nf3 Na6
9. O-O Nc7 10. Bg5 h6 11. Be3 e5 12. Re1 Kh7 13. g4 Kg8 14. Nh2 h5 15. Bf1 hxg4
16. hxg4 Nh7 17. f3 Bf6 18. Bg2 Bg5 19. Qd2 Bxe3+ 20. Qxe3 Qg5 21. Nf1 Qxe3+
22. Nxe3 Ng5 23. Kf2 Bd7 24. a3 a5 25. Bf1 Rfd8 26. Kg3 Kf8 27. Bd3 Ke7 28. Rh1
Rh8 29. Ng2 Rab8 30. Ne3 Ra8 31. Raf1 Rag8 32. Re1 Ne8 33. Bc2 Ng7 34. f4 exf4+
35. Kxf4 f6 36. Kg3 Nf7 37. Ne2 Ne5 38. Nf4 Rb8 39. Nd3 b5 40. Nxe5 fxe5 41.
Bd1 b4 42. g5 bxa3 43. bxa3 Rxh1 44. Rxh1 Rb1 45. Rh8 Ra1 46. Rg8 Kf7 47. Ra8
Rxa3 48. Kf2 Ra2+ 49. Ke1 a4 50. Ra7 Ke8 51. Ra8+ 1/2-1/2

[Event "Pojedinacno prvenstvo centralne Srbije"]
[Site "www.sah-centralnasrbija.com"]
[Date "2014.03.23"]
[Round "9"]
[White "PIKULA,  Dejan"]
[Black "PAVLOVIC , Goran"]
[Result "1/2-1/2"]
[WhiteElo "2498"]
[BlackElo "2372"]
[PlyCount "99"]
[EventDate "2014.??.??"]

1. e4 e6 2. d3 d5 3. Qe2 Nf6 4. Nf3 Be7 5. g3 c5 6. Bg2 Nc6 7. O-O Qc7 8. Re1
d4 9. e5 Nd5 10. c4 dxc3 11. bxc3 Bd7 12. c4 Ndb4 13. a3 Na6 14. Nc3 Nd4 15.
Nxd4 cxd4 16. Nb5 Bxb5 17. cxb5 Nc5 18. a4 O-O 19. Qc2 a6 20. Rb1 axb5 21. Rxb5
Rfc8 22. Ba3 Nxa4 23. Qxc7 Rxc7 24. Bxe7 Nc3 25. Rxb7 Rxb7 26. Bxb7 Ra7 27. Bc5
Rxb7 28. Bxd4 Nd5 29. Bc5 Rb3 30. d4 h5 31. Ra1 Kh7 32. h4 Rb7 33. Ra3 Kg6 34.
Kg2 Rb2 35. Rf3 Rc2 36. Kh3 Rc3 37. Rxc3 Nxc3 38. f3 Kh6 39. Bb4 Nd5 40. Bd2+
Kh7 41. g4 g6 42. Kg3 Kg7 43. Bg5 Kf8 44. Kf2 Ke8 45. Ke2 Kd7 46. Kd3 Kc6 47.
Bd2 Kb5 48. Be1 Nf4+ 49. Ke4 Nd5 50. Kd3 1/2-1/2